Fr. Conceicao Rodrigues College of Engineering

Basic mathematics (Record no. 26523)

MARC details
000 -LEADER
fixed length control field 00262nam a2200121Ia 4500
082 ## - DEWEY DECIMAL CLASSIFICATION NUMBER
Classification number 510/GAI/BOR
100 ## - MAIN ENTRY--PERSONAL NAME
Personal name GAIKWAD/ BORKUE
245 ## - TITLE STATEMENT
Title Basic mathematics
260 ## - PUBLICATION, DISTRIBUTION, ETC.
Name of publisher, distributor, etc. S.Chand
Place of publication, distribution, etc. New Delhi
Date of publication, distribution, etc. 2013
546 ## - LANGUAGE NOTE
Language note ENGLISH
650 ## - SUBJECT ADDED ENTRY--TOPICAL TERM
Topical term or geographic name entry element Mathematics
942 ## - ADDED ENTRY ELEMENTS (KOHA)
Koha item type BOOK
Holdings
Withdrawn status Lost status Damaged status Not for loan Collection Home library Current library Date acquired Total Checkouts Full call number Barcode Date last seen Price effective from Koha item type
        AFT Fr. Agnel's C.Rodrigues College of Engineering Fr. Agnel's C.Rodrigues College of Engineering 17/03/2023   510/GAI/BOR AFT8241 17/03/2023   BOOK